000 00246nam a2200097Ia 4500
001 652819
005 20250826154445.0
008 250824s9999 xx 000 0 und d
245 0 _aSİYAH LALE
_cALEXANDRE DUMAS
260 _bANTİK DÜNYA KLASİKLERİ
999 _c652819
_d652819